| 000 | 00838nam a2200205 a 4500 | ||
|---|---|---|---|
| 008 | 100811s2009 ||||||||||||||||| || u | ||
| 020 | _a9781405177917 | ||
| 050 | _aHD 3850 Pol | ||
| 100 | _aBeck, Matthias | ||
| 245 | 1 | 0 |
_aPolicy, finance and management for public-private partnerships _cedited by Akintola Akintoye and Matthias Beck |
| 260 |
_aChicester, West Sussex: _bWiley-Blackwell _c2009 |
||
| 300 | _axxxiii, 469p.: ill. | ||
| 350 | _a0.00 | ||
| 490 | _aInnovation in the built environment | ||
| 650 | 0 | _aINFRASTRUCTURE (ECONOMICS)--MANAGEMENT | |
| 650 | 0 | _aMANAGEMENT | |
| 650 | _aPUBLIC-PRIVATE SECTOR COOPERATION | ||
| 700 | _aAkintoye, Akintola | ||
| 995 |
_D0.00 _FCBU-MAIN LIBRARY (Kitwe) _H1 _I0.00 _M1 _UAVAILABLE _WAug 26, 2010 _ZMain Library Open Access Collection |
||
| 999 |
_c53853 _d53853 |
||